Money in the international economy : (Record no. 184265)
[ view plain ]
| 000 -LEADER | |
|---|---|
| fixed length control field | 01525cam3a220034901 4500 |
| 001 - CONTROL NUMBER | |
| control field | lce00486855 |
| 005 - DATE AND TIME OF LATEST TRANSACTION | |
| control field | 20190830103021.0 |
| 008 - FIXED-LENGTH DATA ELEMENTS--GENERAL INFORMATION | |
| fixed length control field | 700511s1969 enk b 000 0 eng |
| 010 ## - LIBRARY OF CONGRESS CONTROL NUMBER | |
| LC control number | 78456444 //r924 |
| 015 ## - NATIONAL BIBLIOGRAPHY NUMBER | |
| National bibliography number | B69-20939 |
| 020 ## - INTERNATIONAL STANDARD BOOK NUMBER | |
| International Standard Book Number | 0255695454 |
| 020 ## - INTERNATIONAL STANDARD BOOK NUMBER | |
| Terms of availability | 7/6 |
| 035 ## - SYSTEM CONTROL NUMBER | |
| System control number | (Sirsi) r45868 |
| 035 ## - SYSTEM CONTROL NUMBER | |
| System control number | (DLC) 78456444 //r924 |
| 035 ## - SYSTEM CONTROL NUMBER | |
| System control number | (UPRA)lce00486855 |
| 040 ## - CATALOGING SOURCE | |
| Original cataloging agency | DLC |
| Transcribing agency | DLC |
| Modifying agency | DLC |
| -- | UPRA |
| 050 00 - LIBRARY OF CONGRESS CALL NUMBER | |
| Classification number | HG3881 |
| Item number | .H24 1969 |
| 082 00 - DEWEY DECIMAL CLASSIFICATION NUMBER | |
| Classification number | 332.1/5 |
| 100 1# - MAIN ENTRY--PERSONAL NAME | |
| Personal name | Haberler, Gottfried, 1900- |
| Dates associated with a name | Haberler, Gottfried, 1900- |
| Linkage | A3472.1 |
| 245 10 - TITLE STATEMENT | |
| Title | Money in the international economy : |
| Remainder of title | a study in balance of payments adjustment, international liquidity and exchange rates. |
| 250 ## - EDITION STATEMENT | |
| Edition statement | 2nd ed. / with an introduction on 'The international monetary system: some recent developments and discussions'. |
| Remainder of edition statement | 2nd ed. / with an introduction on 'The international monetary system: some recent developments and discussions'. |
| 260 ## - PUBLICATION, DISTRIBUTION, ETC. | |
| Place of publication, distribution, etc. | London : |
| Name of publisher, distributor, etc. | Institute of Economic Affairs, |
| Date of publication, distribution, etc. | 1969. |
| 490 1# - SERIES STATEMENT | |
| Series statement | Hobart papers ; |
| Volume/sequential designation | 31 |
| 504 ## - BIBLIOGRAPHY, ETC. NOTE | |
| Bibliography, etc. note | Bibliography: p. 63-65. |
| 650 #0 - SUBJECT ADDED ENTRY--TOPICAL TERM | |
| Topical term or geographic name entry element | Balance of payments. |
| Linkage | S2690.1 |
| 650 #0 - SUBJECT ADDED ENTRY--TOPICAL TERM | |
| Topical term or geographic name entry element | International liquidity. |
| Linkage | S1274.1 |
| 650 #0 - SUBJECT ADDED ENTRY--TOPICAL TERM | |
| Topical term or geographic name entry element | Foreign exchange rates -- Kenya -- 1970-1993 |
| Geographic subdivision | Foreign exchange rates -- Kenya -- 1970-1993 |
| Chronological subdivision | Foreign exchange rates -- Kenya -- 1970-1993 |
| Linkage | S84182.1 |
| 710 2# - ADDED ENTRY--CORPORATE NAME | |
| Corporate name or jurisdiction name as entry element | Institute of Economic Affairs (Great Britain) |
| Linkage | A3709.1 |
| 830 #0 - SERIES ADDED ENTRY--UNIFORM TITLE | |
| Uniform title | Hobart paper ; |
| Volume/sequential designation | 31. |
| Linkage | S1819.1 |
| 949 ## - LOCAL PROCESSING INFORMATION (OCLC) | |
| a | HG3881 |
| w | lcc |
| i | -57280 |
| m | MAIN |
| t | BOOK |
| l | ON-SHELF |
No items available.